Law and ethics in global business : how to integrate law and ethics into corporate governance around the world (Record no. 31857)

MARC details
000 -LEADER
fixed length control field 00501nam a2200181Ia 4500
020 ## - INTERNATIONAL STANDARD BOOK NUMBER
ISBN 9780415377782
050 ## - CALL MARK
Classification number KN 250 .N4/
100 ## - STATEMENT OF RESPONSIBILITY--MAIN AUTHOR NAME
Personal name Nelson Brian L.
245 #0 - TITLE STATEMENT
Title Law and ethics in global business : how to integrate law and ethics into corporate governance around the world
260 ## - PUBLICATION, DISTRIBUTION, ETC. (IMPRINT)
Place of publication New York
260 ## - PUBLICATION, DISTRIBUTION, ETC. (IMPRINT)
Name of publisher Routledge
260 ## - PUBLICATION, DISTRIBUTION, ETC. (IMPRINT)
Year of publication 2006
300 ## - PHYSICAL DESCRIPTION
Number of Pages 302 p
650 ## - SUBJECT ADDED ENTRY--TOPICAL TERM
Topical Term Global business
942 ## - ADDED ENTRY ELEMENTS (KOHA)
Koha item type Books
Holdings
Withdrawn status Lost status Source of classification or shelving scheme Damaged status Not for loan Permanent Location Current Location Date acquired Accession Number Price effective from Koha item type
    Library of Congress Classification     Law Library Law Library 04/23/2025 0004617 04/23/2025 Books